000 01779cam a2200445 a 4500
001 sjds16582392
003 sjds
005 20171108141133.0
008 101217s2008 ctu 000 1 eng c
010 _a 2001004097
020 _a9781931896412 (pbk. : alk. paper)
020 _a1931896410 (pbk. : alk. paper)
020 _a9781931896429 (hardcover : alk. paper)
020 _a1931896429 (hardcover : alk. paper)
035 _a(OCoLC)ocm47272017
040 _aDLC
_cYUS
_dDLC
_dBAKER
_dBTCTA
_dYDXCP
_dC#P
_dJBU
_dDLC
041 1 _aeng
_hspa
042 _apcc
043 _ancnq---
050 0 0 _aPQ7519.2.R25
_bM3713 2008
082 0 0 _a863/.64
_223
100 1 _aRamírez, Sergio,
_d1942-
240 1 0 _aMargarita, está linda la mar.
_lEnglish
245 1 0 _aMargarita, how beautiful the sea :
_ba novel /
_cby Sergio Ramírez ; translated by Michael B. Miller.
250 _a1st English ed.
260 _aWillimantic, CT :
_bCurbstone Press,
_c2008.
300 _a314 p. ;
_c22 cm.
490 0 _aA Lannan translation selection
500 _a"Winner of the Alfaguara Prize"--P. [4] of cover.
600 1 0 _aSomoza Debayle, Luis,
_d1922-1967
_vFiction.
600 1 0 _aDarío, Rubén,
_d1867-1916
_vFiction.
650 0 _aPolitical fiction.
651 0 _aNicaragua
_xHistory
_y1838-1909
_vFiction.
651 0 _aNicaragua
_xHistory
_y1937-1979
_vFiction.
655 7 _aHistorical fiction.
_2gsafd
700 1 _aMiller, Michael B.,
_d1941-
776 0 8 _iOnline version:
_aRamírez, Sergio, 1942-
_sMargarita, está linda la mar. English.
_tMargarita, how beautiful the sea.
_b1st English ed.
_dWillimantic, CT : Curbstone Press, 2008
_w(OCoLC)659148139
856 4 2 _3Publisher description
_uhttp://catdir.loc.gov/catdir/description/cons041/2001004097.html
942 _cBK
999 _c19076
_d19076